[Event "Bretagne-ch U10 Girls"]
[Site "Ploermel"]
[Date "2007.02.14"]
[Round "2"]
[White "Virmaux, Amelie"]
[Black "Chalony, Chloe"]
[Result "1-0"]
[WhiteElo "1099"]
[BlackElo "1410"]
[PlyCount "63"]
[EventDate "2007.02.13"]
[EventType "tourn"]
[EventRounds "6"]
[EventCountry "FRA"]
[SourceTitle "EXT 2008"]
[Source "ChessBase"]
[SourceDate "2007.11.25"]
[SourceVersion "1"]
[SourceVersionDate "2007.11.25"]
[SourceQuality "1"]

1. e4 d5 2. f3 Nc6 3. Nc3 Be6 4. Bb5 Qd7 5. Nge2 a6 6. Bxc6 Qxc6 7. Nd4 Qc5 8. Nb3 Qc6 9. d3 0-0-0 10. Qe2 d4 11. Nd1 f5 12. exf5 Bxf5 13. Qe5 e6 14. Nxd4 Qd5 15. Qf4 Bd6 16. Qe3 Bc5 17. c3 Bxd4 18. cxd4 Qxd4 19. Qe2 Qxd3 20. Nf2 Qxe2+ 21. Kxe2 Nf6 22. Bg5 Rd7 23. Rac1 Rhd8 24. Bf4 c6 25. Rc5 Nh5 26. Be5 Rd2+ 27. Ke3 b6 28. Rxc6+ Kb7 29. Rhc1 R8d5 30. Rc7+ Kb8 31. Rc8+ Kb7 32. R1c7# 1-0